[Event "AUTO-ADV-4902"]
[Site "http://www.queenalice.com/game.php?id=1869372"]
[Date "2026.2.17"]
[Round "2"]
[White "Capixabba789"]
[Black "chessman"]
[Result "1-0"]
[WhiteElo "1808"]
[BlackElo "2059"]

1. d4 d5 2. Nc3 c6 3. f4 Nd7 4. Nf3 Ngf6 5. e3 e6 6. Bd3 Be7 7. O-O O-O 8. Ne5
a6 9. Bd2 c5 10. Qe1 cxd4 11. exd4 Qb6 12. Rb1 Qxd4+ 13. Kh1 Qb6 14. Qg3 Re8 15.
Be1 Nf8 16. Bf2 Qc7 17. Bd4 Ng6 18. Qh3 Bd7 19. Nxg6 hxg6 20. Rbe1 Bd6 21. Qh4
Be7 22. Qf2 b5 23. Re3 Ng4 24. Qg3 Nxe3 25. Qxe3 Bf6 26. Be5 Bxe5 27. fxe5 b4
28. Ne2 Rac8 29. Nf4 a5 30. Qh3 Qd8 31. Nxg6 1-0

[Event "AUTO-ADV-4902"]
[Site "http://www.queenalice.com/game.php?id=1869373"]
[Date "2026.2.17"]
[Round "2"]
[White "chessman"]
[Black "Capixabba789"]
[Result "1-0"]
[WhiteElo "2016"]
[BlackElo "1837"]

1. e4 e5 2. Nf3 d6 3. d4 exd4 4. Nxd4 Nf6 5. Bd3 Be7 6. Nc3 Bd7 7. O-O Nc6 8.
Nxc6 Bxc6 9. Re1 O-O 10. h3 Re8 11. f4 d5 12. e5 Ne4 13. Bxe4 dxe4 14. Qe2 f5
15. Be3 a6 16. Rad1 Bb4 17. Rxd8 Raxd8 18. a3 Bf8 19. Rd1 Rxd1+ 20. Qxd1 1-0

[Event "AUTO-OPEN-4639"]
[Site "http://www.queenalice.com/game.php?id=1869397"]
[Date "2026.2.18"]
[Round "1"]
[White "chessman"]
[Black "Capixabba789"]
[Result "1-0"]
[WhiteElo "2009"]
[BlackElo "1840"]

1. e4 e5 2. Nf3 d6 3. d4 exd4 4. Nxd4 Nf6 5. Nc3 Bd7 6. Be2 Be7 7. O-O Nc6 8. h3
O-O 9. Be3 Ne5 10. f4 Ng6 11. Bf3 a6 12. Nb3 Bc6 13. Nd5 Nxd5 14. exd5 Bb5 15.
Re1 Re8 16. Nd4 Bd7 17. c4 Bf6 18. Qd3 c5 19. dxc6 bxc6 20. Bxc6 Bxc6 21. Nxc6
Qc7 22. Nd4 Rec8 23. b3 a5 24. Rad1 Re8 25. Nb5 Qd7 26. Qxd6 Qxd6 27. Rxd6 Red8
28. Red1 Rxd6 29. Rxd6 h6 30. f5 Ne5 31. Bxh6 Be7 32. Rd5 Nf3+ 33. gxf3 gxh6 34.
Nd4 1-0

[Event "AUTO-OPEN-4639"]
[Site "http://www.queenalice.com/game.php?id=1869398"]
[Date "2026.2.18"]
[Round "1"]
[White "Capixabba789"]
[Black "chessman"]
[Result "1-0"]
[WhiteElo "1834"]
[BlackElo "2033"]

1. d4 d5 2. Nc3 c6 3. f4 Nf6 4. Nf3 e6 5. e3 Be7 6. Bd3 O-O 7. O-O Re8 8. Ne5
Nbd7 9. Ne2 c5 10. c3 cxd4 11. cxd4 a6 12. Ng3 Nf8 13. Kh1 Bd7 14. Bd2 Rc8 15.
f5 exf5 16. Nxf5 Be6 17. Qf3 N8d7 18. Qg3 Bxf5 19. Bxf5 Rc7 20. Qh3 g6 21. Bxd7
Rxd7 22. Nxd7 Nxd7 23. Qf3 Nf6 24. a3 Rf8 25. Bb4 Ne4 26. Bxe7 Qxe7 27. Rad1 Rc8
28. Rc1 Rd8 29. Rc2 Kg7 30. Rfc1 Rd7 31. h3 f5 32. b4 Qd6 33. Qf4 Qf6 34. Rc7
1-0

[Event "AUTO-OPEN-4639"]
[Site "http://www.queenalice.com/game.php?id=1869401"]
[Date "2026.2.18"]
[Round "1"]
[White "chessman"]
[Black "josebaron"]
[Result "1/2-1/2"]
[WhiteElo "2015"]
[BlackElo "2176"]

1. e4 e5 2. Nf3 Nc6 3. Bc4 Bc5 4. b4 Bxb4 5. c3 Be7 6. d4 exd4 7. cxd4 d6 8. O-O
Nf6 9. Re1 O-O 10. Nc3 Bg4 11. Be3 h6 12. h3 Bxf3 13. Qxf3 Re8 14. Rad1 Na5 15.
Bd3 Nc6 16. Qg3 Kh8 17. e5 dxe5 18. dxe5 Nd7 19. e6 fxe6 20. Bxh6 Bf6 21. Ne4
Nce5 22. Bf4 Nxd3 23. Nxf6 Nxf6 24. Rxd3 Qe7 25. Bxc7 Rac8 26. Be5 Rcd8 27. Rf3
Rf8 28. Bxf6 Rxf6 29. Qh4+ Kg8 30. Rxf6 gxf6 31. Qg4+ Kf7 32. Qh5+ Kg7 1/2-1/2

[Event "AUTO-OPEN-4639"]
[Site "http://www.queenalice.com/game.php?id=1869402"]
[Date "2026.2.18"]
[Round "1"]
[White "josebaron"]
[Black "chessman"]
[Result "1-0"]
[WhiteElo "2168"]
[BlackElo "2025"]

1. e4 e6 2. Nf3 d5 3. exd5 exd5 4. d4 Nf6 5. Bd3 Be7 6. O-O O-O 7. Re1 c6 8. Bg5
Nbd7 9. Nc3 Re8 10. h3 Nf8 11. Qd2 g6 12. a3 Be6 13. Re3 a6 14. Rae1 N8d7 15.
Ne5 Kg7 16. Nxd7 Qxd7 17. f4 Ng8 18. Na4 h6 19. Nb6 Qd8 20. Bxe7 Qxb6 21. Bb4
Qxd4 22. Bc3 1-0

[Event "AUTO-OPEN-4641"]
[Site "http://www.queenalice.com/game.php?id=1869930"]
[Date "2026.2.27"]
[Round "1"]
[White "chessman"]
[Black "Capixaba789"]
[Result "1-0"]
[WhiteElo "2064"]
[BlackElo "1938"]

1. e4 Nf6 2. d3 e5 3. f4 exf4 4. Bxf4 Be7 5. Nf3 d6 6. Be2 Be6 7. Ng5 O-O 8.
Nxe6 fxe6 9. O-O Nc6 10. Nc3 e5 11. Be3 Nd4 12. Bxd4 exd4 13. Nb1 c5 14. Nd2 b5
15. a3 a5 16. Bf3 Rb8 17. Re1 Qc7 18. Qe2 b4 19. Nc4 Rfe8 20. axb4 axb4 21. b3
Nd7 22. Qf2 Bf6 23. Ra6 Nb6 24. Rea1 Nxc4 25. bxc4 Qe7 26. Ra7 Qe5 27. h3 Re7
28. Rxe7 Bxe7 29. Ra7 d5 30. exd5 Bd6 31. g3 h6 32. Kg2 b3 33. cxb3 Rxb3 34.
Ra8+ Bb8 35. Be4 Qc7 36. Qf4 Qxf4 37. gxf4 Kf7 38. Kf3 Bd6 39. Ra6 Ke7 40. Ra7+
Kf8 41. Kg4 Rb1 42. Kf5 Rg1 43. Ke6 Bxf4 44. Ra8+ 1-0

[Event "AUTO-OPEN-4641"]
[Site "http://www.queenalice.com/game.php?id=1869931"]
[Date "2026.2.27"]
[Round "1"]
[White "Capixaba789"]
[Black "chessman"]
[Result "1/2-1/2"]
[WhiteElo "1906"]
[BlackElo "2035"]

1. d4 d5 2. Nc3 c6 3. f4 e6 4. Nf3 Nf6 5. e3 Be7 6. Bd3 O-O 7. O-O Nbd7 8. Ne5
h6 9. Ne2 Ne4 10. Qe1 f5 11. Ng3 Nxe5 12. fxe5 Bh4 13. Rf3 Nxg3 14. Rxg3 Bxg3
15. Qxg3 Qe7 16. Be2 Kh7 17. Bh5 Bd7 18. Bg6+ Kh8 19. h4 Be8 20. h5 Bxg6 21.
hxg6 b5 22. a3 Kg8 23. Bd2 a6 24. Kf2 Qg5 25. Qxg5 hxg5 26. Kg3 f4+ 27. exf4
gxf4+ 28. Bxf4 Rf5 29. Kg4 Raf8 30. g3 a5 31. b3 Re8 32. c3 Ra8 33. a4 Rff8 34.
axb5 cxb5 35. Bg5 Rf2 36. Be7 Rc2 37. c4 dxc4 38. bxc4 Rxc4 39. Bc5 b4 40. Kf3
a4 41. Ke4 b3 42. Kd3 Rxc5 43. dxc5 Kf8 44. Kc3 Ke8 45. Rd1 Rb8 46. c6 Rc8 47.
Rd6 Ra8 48. Rxe6+ Kf8 49. Rd6 Ke7 50. Rd7+ Ke6 51. Rxg7 a3 52. Rh7 Kxe5 53. Kxb3
Kf6 54. g7 a2 55. g8=Q a1=N+ 56. Kb2 Rxg8 57. c7 Rc8 58. Kxa1 Ke6 59. Kb2 Kd6
60. Kc3 Rxc7+ 61. Rxc7 Kxc7 62. Kd4 Kd7 63. Ke5 Ke7 64. Kf5 Kf7 65. Kg5 Kg7 66.
Kh5 Kh7 67. g4 Kh8 68. g5 Kh7 69. g6+ Kg7 70. Kg5 Kg8 71. Kf6 Kf8 72. g7+ Kg8
73. Kg6 1/2-1/2